000 01278cam a22003134a 4500
005 20230824134825.0
008 990930s2000 nyua b 001 0 eng
010 _a 99050141
020 _a0471360287 (paper/ CDROM : alk. paper)
040 _aDLC
_cDLC
_dDLC
042 _apcc
050 0 0 _aHD69.P75
_bW95 2000
082 0 0 _a658.4/04
_221
_bWYS-E
100 1 _aWysocki, Robert K.
245 1 0 _aEffective project management /
_cRobert K. Wysocki, Robert Beck, Jr., David B. Crane.
250 _a2nd ed.
260 _aNew York :
_bWiley,
_cc2000.
300 _axvii, 359 p. :
_bill. ;
_c24 cm. +
504 _aIncludes bibliographical references (p. 329-336) and index.
650 0 _aProject management.
700 1 _aBeck, Robert.
700 1 _aCrane, David B.
856 4 2 _3Contributor biographical information
_uhttp://www.loc.gov/catdir/bios/wiley043/99050141.html
856 4 2 _3Publisher description
_uhttp://www.loc.gov/catdir/description/wiley035/99050141.html
856 4 _3Table of Contents
_uhttp://www.loc.gov/catdir/toc/onix06/99050141.html
906 _a7
_bcbc
_corignew
_d1
_eocip
_f19
_gy-gencatlg
999 _c33289
_d33289